000
00369nam a2200133Ia 4500
003
GCL
008
140319s9999 xx 000 0 ara d
040
_a
GCL /
_c
GCL
082
0
4
_a
256
_b
ا ج
245
1
0
_a
الجهاد فى سبيل الله
260
_a
[S.N] :
_b
المكتبة القيمة للطباعة والنشر والتوزيع
300
_a
56 ص
490
_a
999
_c
53423
_d
53423